000 00368cam a22001217a 4500
008 180718b1971 xxu||||| |||| 00| 0 eng d
082 _aBA27x5434 D74
100 _aDoshi, Shambhu L.
245 _aBhils: between societal self-awareness and cultural synthesis
_cby Shambhu L. Doshi
260 _aDelhi
_bSterling
_c1971
300 _a284p.
650 _aBhil (Indic people)
999 _c343189
_d343189